00654nam a2200157 a 4500008004100000020001500041050001900056245004000075246006000115260003400175300002200209350000900231995010400240999001700344952013500361120416s0000 ||||||||||||||||| || u a0863532187 aTK 6570.M6 Con10aDigital cordless telephones and PCN aproceedings of the conference held in London, May, 1990 aLondonbBlenheim Onlinec1990 aviii, 158p. : ill a0.00 D0.00FCBU-MAIN LIBRARY (Kitwe)H1I95.00UWEEDEDVJul 26, 2017ZMain Library Open Access Collection c40160d40160 00102lcc4070a001b001cMain Library Open Access Collectiond2022-11-30l0oTK 6570.M6 Conp015939r2022-11-30w2022-11-30y002